000 00704nam a2200217 a 4500
001 000011165
005 20240530073931.0
008 091014s19uu dr a r 000 p spa d
040 _aDO-SdBNP
_bspa
_cBNPHU
082 _aRD861.44
_bF897m
100 1 _aFrias, Antonia
_926673
245 1 0 _aModelo del momento /
_cAntonia Frias.
260 _aSan Francisco de Macorís, República Dominicana :
_bKali,
_c[s.f.].
300 _a48 p. :
_bil. ;
_c21 cm.
500 _aIncluye datos biográficos del autor
590 _aInventariado, 2018/BT
650 0 _aPoesía dominicana
_966
650 0 _aEnsayos dominicanos
_965
650 0 _aLiteratura dominicana.
_967
910 _aValidado. Control de calidad. MFF
999 _c10890
_d10890